LEADER 01119nam a2200277 i 4500 001 991000928299707536 005 20020507180029.0 008 970603s1965 us ||| | eng 035 $ab10777106-39ule_inst 035 $aLE01304454$9ExL 040 $aDip.to Matematica$beng 082 0 $a510.9 084 $aAMS 53-03 100 1 $aGauss, Carl Friedrich$d<1777-1855>$019636 245 10$aGeneral investigations of curved surfaces /$cby Karl Friedrich Gauss ; translated from the Latin and German by Adam Hiltebeitel and James Morehead ; introduction by Richard Courant 260 $aHewlett, N. Y. :$bRaven Press,$c1965 300 $a119 p. ;$c23 cm. 440 4$aThe Raven series in higher mathematics ;$v2 650 4$aCollected works 650 4$aGeometry-history 907 $a.b10777106$b26-06-13$c28-06-02 912 $a991000928299707536 945 $aLE013 01A75 GAU12 (1965)$g1$i2013000085296$lle013$o-$pE0.00$q-$rl$s- $t0$u2$v0$w2$x0$y.i10876121$z28-06-02 996 $aGeneral investigations of curved surfaces$9922755 997 $aUNISALENTO 998 $ale013$b01-01-97$cm$da $e-$feng$gus $h0$i1 LEADER 01080cam0-2200337---450 001 990005747810403321 005 20240301131045.0 035 $a000574781 035 $aFED01000574781 035 $a(Aleph)000574781FED01 100 $a19990604h1946----km-y0itay50------ba 101 0 $aita 102 $aIT 105 $ayf------001yy 200 1 $aAvviamento alla glottologia$econ una carta linguistica dell'Europa$fBruno Lavagnini$gin appendice uno scritto di Clemente Merlo sulla Italia linguistica preromana 210 $aPalermo$cPalumbo$d(stampa 1946) 215 $a92 p., [1] c. di tav. ripieg.$cill.$d22 cm 225 1 $aAvviamenti universitari$v9 610 0 $aGlottologia 676 $a410.7$v23$zita 700 1$aLavagnini,$bBruno$0171612 702 1$aMerlo,$bClemente$f<1879-1960> 801 0$aIT$bUNINA$gRICA$2UNIMARC 901 $aBK 912 $a990005747810403321 952 $aBIB. BAT.178$fBAT 952 $aGLOTT. B I d 61$bIST.GLOTT. S.I.$fFLFBC 959 $aFLFBC 959 $aBAT 996 $aAvviamento alla glottologia$9133228 997 $aUNINA